Os indiferentes (Registo nº 227)

Detalhes MARC
000 -Etiqueta do registo
Cabeçalho 00817nam0a2200265 4500
005 - Identificador da versão
Campo de controlo 20240813121757.0
010 ## - Número internacional normalizado dos livros (ISBN)
Número (ISBN) 8496075710
021 ## - Número do Depósito Legal
Código do país PT
Número B. 8853-2003
100 ## - Dados gerais de processamento
Dados gerais de processamento 20160509d2003 m y0pory5003 ba
102 ## - Pais de publicação ou produção
País de publicação Portugal
101 1# - Língua de publicação
Língua do texto, banda sonora, etc. Português
Língua do documento no original Italiano
215 ## - Descrição física 
Indicação específica da natureza do documento e extensão da espécie 286, [1] p
200 1# - Titulo e menção de responsabilidade
Título próprio Os indiferentes
Primeira menção de responsabilidade Alberto Moravia
Outras menções de responsabilidade trad. de Álvaro de Almeida
225 2# - Colecção 
Título próprio da colecção Mil folhas
Indicação de volume 49
210 ## - Publicação, Distribuição, etc. 
Lugar da edição, distribuição, etc. Porto
Nome do editor, distribuidor, etc. Público Comunicação Social
Data da publicação, distribuição, etc. cop. 2003
314 ## - Notas relativas a responsabilidade intelectual 
Texto da nota Alberto Moravia é pseudónimo de Alberto Pincherle
606 ## - Nome comum usado como assunto
Número de registo de entrada de autoridade 0002809
Palavra de ordem Literatura italiana
Subdivisão de assunto Romance
Código do sistema CA
675 ## - Classificação Decimal Universal (CDU)
Notação 821.131.1-31
Edição 3ª ed.
Língua da edição por
702 ## - Nome de autor-pessoa física (responsabilidade secundária)
Número de registo de entrada de autoridade 0000285
Palavra de ordem Almeida
Outra parte do nome não tomada para palavra de ordem Álvaro de
Código de função Tradutor
700 ## - Nome de autor-pessoa física (responsabilidade principal)
Número de registo de entrada de autoridade 0000284
Palavra de ordem Moravia
Outra parte do nome não tomada para palavra de ordem Alberto
Elementos de identificação ou distinção pseud.
966 ## - Identificação da Biblioteca
Sigla EB2,3ENM
942 ## - Elementos de entrada adicionados (Koha)
Tipo de item no Koha Livro
Exemplares
Situação do levantamento Origin of item (home branch) (coded) Biblioteca de empréstimo Código de barras Cota Circulation type (not for loan) Tipo de documento Nota do exemplar Damaged status
  Biblioteca Escolar Eng. Nuno Mergulhão Biblioteca Escolar Eng. Nuno Mergulhão BENM781 82LE-3 MOR   Livro Sem mensagem